Skoki Narciarskie - Najlepsi Austriacy w PŚ w XXI wieku - Statystyki

Ogólne statystyki
  • Ten quiz został rozwiązany 153 razy
  • Średni wynik to 20 z 25
Statystyki odpowiedzi
Sezon Zawodnik % Poprawnych
2014/15 Stefan Kraft
98%
2016/17 Stefan Kraft
98%
2017/18 Stefan Kraft
98%
2018/19 Stefan Kraft
98%
2019/20 Stefan Kraft
98%
2021/22 Stefan Kraft
98%
2022/23 Stefan Kraft
98%
2023/24 Stefan Kraft
98%
2006/07 Gregor Schlierenzauer
89%
2008/09 Gregor Schlierenzauer
89%
2009/10 Gregor Schlierenzauer
89%
2011/12 Gregor Schlierenzauer
89%
2012/13 Gregor Schlierenzauer
89%
2013/14 Gregor Schlierenzauer
89%
2005/06 Thomas Morgenstern
87%
2007/08 Thomas Morgenstern
87%
2010/11 Thomas Morgenstern
87%
2024/25 Daniel Tschofenig
82%
2020/21 Daniel Huber
56%
2015/16 Michael Haybock
50%
2000/01 Wolfgang Loitzl
45%
2001/02 Andreas Widholzl
44%
2002/03 Andreas Widholzl
44%
2003/04 Martin Hollwarth
33%
2004/05 Martin Hollwarth
33%
Nie znaleziono quizów pasujących do podanych kryteriów
Rozkład punktacji
Procent ludzi z każdym wynikiem
Percentyl według liczby udzielonych odpowiedzi
Twoja historia wyników
Nie rozwiązałeś tego quizu